| 000 | 01041nam0a22002411i 4500 | ||
|---|---|---|---|
| 001 | rc\775078 | ||
| 005 | 20240726015228.0 | ||
| 035 | _a(NLR Aleph) 006301379 | ||
| 090 |
_a7254958 _c7254958 |
||
| 100 | _a20040301d1983 u |0rusy50 ca | ||
| 101 | 0 | _arus | |
| 102 | _aRU | ||
| 105 | _ay ||||||||| | ||
| 200 | 1 |
_aПостановка и проведение опытно-фильтрационных наблюдений на береговых участках _e(На прим. бассейна р. Нямунас) _eАвтореф. дис. на соиск. учен. степ. канд. геол.-минерал. наук _e(04.00.06) |
|
| 210 |
_aМ. _d1983 |
||
| 215 | _a16 с. | ||
| 300 | _aВ надзаг.: МГУ им. М.В. Ломоносова, Геол. фак. Каф. гидрогеологии | ||
| 320 | _aБиблиогр.: с. 15-16 (7 назв.) | ||
| 700 | 1 |
_aАльминас _bА.К. _gАльбертас Казевич |
|
| 801 | 0 |
_aRU _bNLR _gpsbo |
|
| 801 | 1 |
_aRU _bELAR _2rusmarc |
|
| 852 |
_aNLR _j84-4/28524 |
||
| 942 | _cBOOK | ||